• 首页
  • 本馆介绍
  • 公告通知
  • 最新文献
  • 馆藏检索
  • 电子资源
  • 读者导购
  • 参考咨询
  • 我的图书馆
  • 登录
  • 详细信息显示
  • 放入我的书架
  • 预约/预借图书
  • 作者相关作品
  • 分类相关作品
  • 丛书相关作品
  • 出版社相关作品

书目信息

  • 表格格式
  • 工作单格式
  • 卡片格式
题名:
电气设备故障试验诊断攻略
    
 
作者: 包玉树 主编 ;周源 册主编
分册:   互感器
出版信息: 北京   中国电力出版社  2019
页数: 105页
开本: 26cm
丛书名:
单 册:
中图分类: TM07 , TM45
科图分类:
主题词: 电气设备--dian qi she bei--故障诊断 , 互感器--hu gan qi--故障诊断
电子资源:
ISBN: 978-7-5198-2756-4
000 00882nam 2200289 450
001 012001003601
005 20131104170214.0
010    @a978-7-5198-2756-4@dCNY31.00
099    @aCAL 012019146806
100    @a20191107d2019 em y0chiy50 ea
101 0  @achi
102    @aCN@b110000
105    @aak a 000yy
106    @ar
200 1  @a电气设备故障试验诊断攻略@Adian qi she bei gu zhang shi yan zhen duan gong lve@f丛书主编包玉树@i互感器@f本册主编周源
210    @a北京@c中国电力出版社@d2019
215    @a105页@c图@d26cm
320    @a有书目 (第105页)
517 1  @a互感器@Ahu gan qi
606 0  @a电气设备@Adian qi she bei@x故障诊断
606 0  @a互感器@Ahu gan qi@x故障诊断
690    @aTM07@v5
690    @aTM45@v5
701  0 @a包玉树@Abao yu shu@4主编
702  0 @a周源@Azhou yuan@4册主编
801  0 @aCN@b上海新华@c20191020
905    @b1205956-7@dTM07@e36@f2
    
    电气设备故障试验诊断攻略/丛书主编包玉树.互感器/本册主编周源.-北京:中国电力出版社,2019
    105页:图;26cm
    
    
    ISBN 978-7-5198-2756-4:CNY31.00
    
●
相关链接 在E读中查询图书 在五车中查询图书 在当当中查询图书 在豆瓣中查询图书


正题名:电气设备故障试验诊断攻略     索取号:TM07/36         预约/预借

序号 登录号 条形码 馆藏地/架位号 状态 备注
1 1205956   212059564   第二样本阅览室/ [索取号:TM07/36] 在馆    
唐山师范学院图书馆 欢迎您!
大连网信软件有限公司© 版权所有